Flags of the 13 Colonies - Statistics

General Stats
  • This quiz has been taken 20 times
  • The average score is 10 of 13
Answer Stats
Picture Answer % Correct
North Carolina
89%
Virginia
89%
Georgia
79%
Maryland
79%
Rhode Island
79%
South Carolina
79%
Massachusetts
74%
New Hampshire
74%
Delaware
68%
New York
68%
Connecticut
63%
New Jersey
63%
Pennsylvania
63%
No matching quizzes found
Score Distribution
Percent of People with Each Score
Percentile by Number Answered
Your Score History
You have not taken this quiz